000 00354 a2200157 4500
001 151574
040 _cEscola São Tomás de Aquino
100 _aCARR, Stella
240 1 0 _aAs confusões de Aninha
_lpor
245 1 0 _aAs confusões de Aninha
300 _a32
362 0 _a2004
440 1 _aModerna
697 _a*LITERATURA INFANTO
942 _cBK
999 _c151574
_d151574